Vrútky 1255-2000

Bibliographic Details
Other Authors: Mruškovič, Štefan, 1932-2016 (Compiler), Ertl, Dušan (Compiler), Lacko, Richard, 1950- (Compiler)
Format: Book
Language:Slovak
PhysicalDescription:480 s., [18] s. fareb. obr. príl. fotogr., mp., sch., tab. 27 cm
Published: [Martin DTP a litografia VEEM] c2000
ISBN:809684427X
Subjects:

MARC

LEADER 00000nam a2200000 a 4500
001 vtls001411552
003 SK-MaSNL
005 20260302035057.0
008 240226s2000 xo aba r 0yy slo
015 |a SNBA2001/10-03460 
020 |a 809684427X 
035 |a SNK000366261 
035 |a urn:nbn:sk:snk-am3h4on 
035 |a urn:nbn:sk:snk-am00cneg 
035 |a DE0507EE-756F-4D81-B91B-092C0DA34771 
040 |a SNK  |b slo  |c SNK  |e AACR2 
041 0 |a slo 
044 |a xo  |c SK 
080 |a 943.765.2-21"1255/2000"  |2 1981 
245 0 |a Vrútky 1255-2000  |c zostavil Štefan Mruškovič v spolupráci s Dušanom Ertlom a Richardom Lackom 
260 |a [Martin  |b DTP a litografia VEEM]  |c c2000 
300 |a 480 s., [18] s. fareb. obr. príl.  |b fotogr., mp., sch., tab.  |c 27 cm 
500 |a Fotogr. na front.. Mp. na predsádkach 
500 |a Vyd. Mesto Vrútky 
500 |a Aut. fotogr.: kol. 
504 |a Bibliogr. odkazy 
651 7 |a Martin (Slovensko : okres)  |2 SNK  |9 73088 
651 7 |a Vrútky (Slovensko)  |2 SNK  |9 55637 
655 7 |a jubilejné publikácie  |2 SNK  |9 70339 
700 1 |a Mruškovič, Štefan,  |d 1932-2016  |4 com  |9 161721 
700 1 |a Ertl, Dušan  |4 com  |9 305878 
700 1 |a Lacko, Richard,  |d 1950-  |4 com  |9 223278 
710 0 |a Mesto Vrútky Vrútky  |4 pbl  |9 687466 
919 |a 80-968442-7-X 
958 |a TL 
958 |a NB 
999 |c 1069149  |d 1071079 
952 |t P60, <03>, [BOOK], {603}  |a SNK  |b SNK  |y PREZ  |7 0  |p 17A0307492  |o snkSB 63636  |i snkKSP 8126/2001  |0 0  |1 0  |4 0  |d 2001-07-12  |f 1  |l 0  |r 2025-04-15 00:00:00  |w 2026-02-24 
952 |t P60, <04>, [BOOK], {604}  |a SNK  |b SNK  |y VYP  |7 0  |p 17A0307493  |o snkSB 63636 D1  |i snkKSP 8127/2001  |0 0  |1 1  |4 0  |d 2001-07-12  |l 0  |r 2005-01-02 00:00:00  |w 2026-02-24 
952 |t snkVRU 908(091)  |a SNKUST  |b SNKUST  |y PREZ  |7 0  |p 17A0296011  |o snkVRU 908  |i OKIS 90/2001  |0 0  |1 0  |4 0  |d 2001-04-17  |l 0  |r 2025-05-29 00:00:00  |w 2026-02-24